Mathematical risk analysis : dependence, risk bounds, optimal allocations and portfolios

Αποθηκεύτηκε σε:
Λεπτομέρειες βιβλιογραφικής εγγραφής
Κύριος συγγραφέας: Ruschendorf, Ludger 1948-
Μορφή: Βιβλίο
Γλώσσα:English
Δημοσίευση: Berlin ; New York : Springer, c2013.
Σειρά:Springer series in operations research and financial engineering
Θέματα:
Ετικέτες: Προσθήκη ετικέτας
Δεν υπάρχουν, Καταχωρήστε ετικέτα πρώτοι!

MARC

LEADER 00000nam a2200000 a 4500
001 1/107535
008 150717t2013####gw | ||| |||| ||eng||
020 |a 9783642335891 
040 |a GR-MyUa  |b gre  |c GR-MyUa  |e AACR2 
041 0 |a eng 
082 7 |a 658.155   |2 (23)  
100 1 |a Ruschendorf, Ludger  |d 1948- 
245 1 0 |a Mathematical risk analysis :   |b dependence, risk bounds, optimal allocations and portfolios /   |c Ludger Ruschendorf.  
260 |a Berlin ; New York :   |b Springer,   |c c2013.  
300 |a xii, 408 σ. :   |b σχέδια ;   |c 24 εκ.  
490 1 |a (Springer series in operations research and financial engineering) 
504 |a Βιβλιογραφία: σ. 385-398. Ευρετήριο.  
650 0 |a Risk management  |x Mathematical models. 
650 0 |a Mathematical analysis 
830 0 |a Springer series in operations research and financial engineering 
852 |a INST  |b SAMOS  |e 20150717  |h 658.155 RUS  |p 005300042431  |q 005300042431  |t BK  |y 0 
922 |a 3ΕΛΗ  |b 201504  |c Τμήμα Μαθηματικών  |d Διαδρομές 
970 |a Κοσιέρης  |b Χρήστος  |z 17-07-2015